Movies Quiz

Random Movies or Quote Quiz
Score 0/20 Timer 04:00
3 Plays Today
% Correct
All I have are negative thoughts.
87.9%
But now I realise, it’s a comedy.
86.8%
There is no punchline.
83.7%
Or is it getting crazier out there?
83.4%
When you bring me out, can you introduce me as Joker?
81.1%
To bring laughter and joy to the world.
80.3%
But I do, and people are starting to notice.
78.9%
You wouldn’t get it.
78.5%
No, I won’t, ma. I’m going to be a comedian.
78%
I have a gun. I can come by tomorrow.
77.2%
% Correct
Someone who hides behind a mask.
76.1%
I think I felt better when I was locked up in the hospital.
73.8%
You get what you f**kin' deserve!
72.7%
No. They couldn’t carry a tune to save their lives.
68.1%
It isn’t. That’s the real me.
66.2%
And you had to look that up?
65.8%
You can say that again, pal.
65.7%
Well, that makes one of us.
61.9%
Will always look at those who haven’t, as nothing but clowns.
59%
My mom died. I’m celebrating.
54.9%

You're not logged in!

Compare scores with friends on all Sporcle quizzes.
OR
Log In

Sporcle TV

Today on Sporcle TV


Watch our educational content, quiz creation guides, and fun videos on Sporcle TV.

Show Comments

Extras

Top Quizzes Today


Score Distribution

Paid Content

Your Account Isn't Verified!

In order to create a playlist on Sporcle, you need to verify the email address you used during registration. Go to your Sporcle Settings to finish the process.

Report this User

Report this user for behavior that violates our Community Guidelines.

Details: